| 000 | 00604 a2200205 4500 | ||
|---|---|---|---|
| 001 | 130693 | ||
| 020 | _a85-02-02149-4 | ||
| 040 | _cLeonardo Da Vinci | ||
| 041 | _aPortuguês | ||
| 082 |
_a344.0465 O47a _bO47a |
||
| 100 | _aOLIVEIRA, José de | ||
| 245 |
_aAcidentes do trabalho _bteoria, prática, jurisprudência |
||
| 250 | _a3.ed | ||
| 260 |
_bSaraiva _c1997 _aSão Paulo |
||
| 300 | _a471 | ||
| 362 | _a19970000 | ||
| 500 | _aEdição atualizada e ampliada | ||
| 697 |
_aDireito _aDireito do trabalho _aLegislação _aLeis _aAcidente de trabalho _aJurisprudência _aBrasil _aFIPEN |
||
| 942 | _cBK | ||
| 999 |
_c130693 _d130693 |
||